Ջեսսիկայի առաջին աղօթքը : (Record no. 140986)
[ view plain ]
| 000 -LEADER | |
|---|---|
| fixed length control field | 00777nam a2200193 a 4500 |
| 001 - CONTROL NUMBER | |
| control field | 000368761 |
| 003 - CONTROL NUMBER IDENTIFIER | |
| control field | AM-YeHGA |
| 005 - DATE AND TIME OF LATEST TRANSACTION | |
| control field | 20250618072252.0 |
| 008 - FIXED-LENGTH DATA ELEMENTS--GENERAL INFORMATION | |
| fixed length control field | 041012s1899 ai 000 | arm d |
| 040 ## - CATALOGING SOURCE | |
| Original cataloging agency | AM-YeHGA |
| 041 1# - LANGUAGE CODE | |
| Language code of text/sound track or separate title | arm |
| 090 ## - LOCALLY ASSIGNED LC-TYPE CALL NUMBER (OCLC); LOCAL CALL NUMBER (RLIN) | |
| -- | 142366 |
| 245 00 - TITLE STATEMENT | |
| Title | Ջեսսիկայի առաջին աղօթքը : |
| Remainder of title | Մանկական զրոյց / |
| Statement of responsibility, etc. | Թարգմ.՝ Պ. Պռօշեանց. |
| 260 ## - PUBLICATION, DISTRIBUTION, ETC. | |
| Place of publication, distribution, etc. | Թիֆլիս : |
| Name of publisher, distributor, etc. | տպ. Մ. Մարտիրոսեանցի, |
| Date of publication, distribution, etc. | 1899. |
| 300 ## - PHYSICAL DESCRIPTION | |
| Extent | 80 էջ ; |
| Dimensions | 18 սմ. |
| 440 #0 - SERIES STATEMENT/ADDED ENTRY--TITLE | |
| Title | Թիֆլիսի հայոց հրատարակչական ընկերություն |
| Volume/sequential designation | N 153 |
| 650 14 - SUBJECT ADDED ENTRY--TOPICAL TERM | |
| Topical term or geographic name entry element | Համաշխարհային մանկական գրականություն |
| General subdivision | Պատմվածք |
| 700 1# - ADDED ENTRY--PERSONAL NAME | |
| Personal name | Պռոշյան, Պերճ, |
| Dates associated with a name | 1837-1907 |
| Relator term | թարգմ. |
| Relationship | trl |
| 9 (RLIN) | 1588 |
| Withdrawn status | Lost status | Damaged status | Not for loan | Collection | Home library | Current library | Date acquired | Total checkouts | Full call number | Barcode | Date last seen | Cost, replacement price | Price effective from | Koha item type | Public note |
|---|---|---|---|---|---|---|---|---|---|---|---|---|---|---|---|
| General | Fundamental Scientific Library | Fundamental Scientific Library | 22/12/2016 | AI/20 | FL0033756 | 22/12/2016 | 0.00 | 22/12/2016 | Գրքեր / Books | 30 Days Loan |
ՀՀ Գիտությունների ազգային ակադեմիայի հիմնարար գիտական գրադարան = Fundamental Scientific Library of NAS RA
All site content, except where otherwise noted, is licensed under a